Statistics for Nicky Jam Charting Songs (Billboard Hot 100)

Click here to take the quiz!

General Stats

  • This quiz has been taken 25 times
  • The average score is 6 of 9

Answer Stats

AlbumWeeks OnPeakArtist(s)Song% Correct
Non-Album Single21 Weeks#41Nicky Jam & J. BalvinX
100%
El Dorado1 Week#100Shakira ft. Nicky JamPerro Fiel
88%
Non-Album Single21 Weeks#36Casper Magico, Nio Garcia, Darell, Nicky Jam, Ozuna & Bad BunnyTe Bote
88%
Suenos20 Weeks#34Sech, Darell, Nicky Jam, Ozuna & Anuel AAOtro Trago
71%
Fenix15 Weeks#92Nicky JamEl Amante
65%
Golden1 Week#95Romeo Santos ft. Nicky Jam & Daddy YankeeBella y Sensual
59%
Fenix19 Weeks#73Nicky JamWith You Tonight / Hasta El Amanecer
59%
Non-Album Single6 Weeks#91Nicky Jam x OzunaTe Robare
53%
Fenix30 Weeks#56Nicky Jam & Enrique IglesiasEl Perdon (Forgiveness)
24%

Score Distribution

Percentile by Number Answered

Percent of People with Each Score

Your Score History

You have not taken this quiz